| 000 | 00323nam a2200133 a 4500 | ||
|---|---|---|---|
| 001 | 4012 | ||
| 003 | CDMR | ||
| 005 | 20130116135251.0 | ||
| 008 | 130130s1995||||||||||||||||||||||||||||d | ||
| 040 |
_aCDMR _bcat _cCDMR |
||
| 245 | 0 |
_aAnuario 1994 _bII De los temas |
|
| 260 |
_aBarcelona _c1995 _bDifusora Internacional |
||
| 942 | _cMON | ||
| 999 |
_c4012 _d4012 |
||